| 000 | 01588cam a22003854 4500 | ||
|---|---|---|---|
| 001 | 196783 | ||
| 005 | 20251218183238.0 | ||
| 008 | 241121s1994 sp | ||| ||spa | ||
| 016 | 7 |
_abimoBNE19940262897 _2SpMaBN |
|
| 017 |
_aM 18017-1994 _bOficina Depósito Legal Madrid |
||
| 020 | _a8460499960 | ||
| 035 | _a(OCoLC)434266180 | ||
| 035 | _a(SpMaBN)bimo0000415573 | ||
| 040 |
_aSpMaBN _bspa _cSpMaBN _erdc |
||
| 080 | _a74 Prieto, Manolo | ||
| 080 | _a659.125.6(460) | ||
| 245 | 0 | 3 |
_aUn toro negro y enorme _h[Texto impreso] : _bel toro Osborne, marca, símbolo, tótem, imagen universal _c[coordinación editorial y notas biográficas, Ángel Hernando] |
| 260 |
_a[Madrid _bEspaña Abierta] _c1994 |
||
| 300 |
_a167 p. _bil. col. y n. _c31 x 31 cm |
||
| 336 |
_2rdacontent _atexto |
||
| 337 |
_2rdamedia _asin mediación |
||
| 338 |
_2rdacarrier _avolumen |
||
| 500 | _aCatalogación Provisional. N-10202. Depósito J | ||
| 594 | _aTít. tomado de la cub. | ||
| 600 | 0 |
_aPrieto, Manolo, _d1912-1991 _9239322 |
|
| 610 | 2 | 7 |
_aOsborne y Cía _xPublicidad _vHistoria _2embne _9239323 |
| 650 | 0 |
_aArte publicitario- _zEspaña _9239324 |
|
| 700 | 1 |
_aHernando, Ángel _9239325 |
|
| 852 |
_aES-MaACL _cDEPOJ _jN-10202 _gDedicatoria Autógrafa de Agapito Pageo _hDonación: Agapito Pageo Ruzafa _xEncuadernación cartoné _9206329 |
||
| 903 |
_aPageo Ruzafa, Agapito _ednr |
||
| 942 |
_2udc _cMONOGRAFIA _n0 |
||
| 999 |
_c196783 _d196783 |
||